Sporcle Typing Challenge Quiz Stats

 Plays Quiz Updated Dec 17, 2018

Support Sporcle.
Go Orange.
Score 0/46 Timer 01:00
9 Plays Today
Word Typed Word % Correct
????
100%
????
99.4%
????
99%
????
98.7%
????
98.5%
????
98.3%
????
98.1%
????
98%
????
97.8%
????
97.5%
????
97.3%
????
97%
????
96.7%
????
96.4%
????
96%
????
95.6%
????
95.2%
????
94.6%
????
94%
????
93.4%
????
92.6%
????
91.7%
????
90.6%
Word Typed Word % Correct
????
89.1%
????
87.6%
????
85.7%
????
83.6%
????
81.8%
????
79.4%
????
76.4%
????
74%
????
70.1%
????
66%
????
61.6%
????
54.6%
????
47.9%
????
42.6%
????
30.3%
????
25.6%
????
21.6%
????
17.5%
????
14.1%
????
10.7%
????
7.6%
????
5%
????
3%

From the Vault

Lyrics for Every Letter: Queen

by geshmonkey

Music 5m
If you can ace this, feel free to declare yourself champion of the world.
Remove Ads.
Support Sporcle.
Get the best of Sporcle when you Go Orange. This ad-free experience offers more features, more stats, and more fun while also helping to support Sporcle. Thank you for becoming a member.

Show Comments

Extras

Top Quizzes Today


Score Distribution

Your Account Isn't Verified!

In order to create a playlist on Sporcle, you need to verify the email address you used during registration. Go to your Sporcle Settings to finish the process.

Report this User

Report this user for behavior that violates our Community Guidelines.

Details: